| 000 | 00470cam a2200145 4500500 | ||
|---|---|---|---|
| 005 | 20251012032624.0 | ||
| 041 | _afre | ||
| 042 | _adc | ||
| 100 | 1 | 0 |
_aMotoret, Laurence _eauthor |
| 245 | 0 | 0 | _aLes orphelins dans le cycle romanesque Harry Potter de J. K. Rowling |
| 260 | _c2008. | ||
| 500 | _a46 | ||
| 786 | 0 | _nSigila | 22 | 2 | 2008-12-20 | p. 123-135 | 1286-1715 | |
| 856 | 4 | 1 | _uhttps://shs.cairn.info/revue-sigila-2008-2-page-123?lang=fr&redirect-ssocas=7080 |
| 999 |
_c1547865 _d1547865 |
||